| 000 | 01514cam a22002175a 4500 | ||
|---|---|---|---|
| 001 | L159091 | ||
| 008 | 160115s2016 xxk f 000 0 eng d | ||
| 035 | _a(Sirsi) u159091 | ||
| 041 | 0 | _aeng | |
| 110 | 2 |
_aUnited Kingdom _bDepartment for Environment, Food and Rural Affairs |
|
| 110 | 2 |
_aWelsh Government _96155 |
|
| 245 | 0 | 0 |
_aConsultation on integrating flood defence consents into the Environmental Permitting regime in England and Wales Government and Welsh Government response _bJanuary 2016 |
| 260 | _c2016 | ||
| 520 | _aResponse to public consultation on proposals to integrate flood defence consents for activities affecting statutory main rivers into the Environmental Permitting regime in England and Wales. The consultation sought views on a package of measures designed to reduce regulatory burdens. A total of 42 responses to the consultation were received from a range of interested parties. A summary is provided of the comments along with the United Kingdom and Welsh Governments? response to them. The responses have helped the finalisation of the proposals which will draft the necessary regulations which will be debated in both Houses of Parliament and the Welsh Assembly. | ||
| 590 | _aKA | ||
| 651 | 4 | _aENGLAND AND WALES | |
| 690 |
_aEnvironment _96238 |
||
| 690 |
_aSustainability _96271 |
||
| 856 | 4 | 0 |
_uhttps://www.gov.uk/government/uploads/system/uploads/attachment_data/file/489914/flood-defence-consents-gov-resp.pdf _zView the response free of charge at www.gov.uk |
| 942 | _n0 | ||
| 999 |
_c115669 _d115669 |
||